| 000 | 00401 a2200133 4500 | ||
|---|---|---|---|
| 245 |
_aImages of Women in Zimbabwean Literature _hprint |
||
| 020 | _a0869255843 (pbk.) | ||
| 700 | _aGaidzanwa, Rudo B. (Rudo Barbara) | ||
| 650 | _aENGLISH LITERATURE | ||
| 005 | 20191017172254.0 | ||
| 260 |
_arh _bCollege Press _c1985 |
||
| 084 | _aPL8014.Z55 G35 1985 | ||
| 300 |
_a101 p. _b 21 cm. _c101 p. ; 21 cm. |
||
| 500 | _aRudo B. Gaidzanwa. | ||
| 999 |
_c8667 _d8667 |
||